Detalles MARC
| 000 -CABECERA |
| campo de control de longitud fija |
01611nam a2200277 a 4500 |
| 001 - NÚMERO DE CONTROL |
| campo de control |
000018955 |
| 005 - FECHA Y HORA DE LA ÚLTIMA TRANSACCIÓN |
| campo de control |
20240418073801.0 |
| 008 - DATOS DE LONGITUD FIJA--INFORMACIÓN GENERAL |
| campo de control de longitud fija |
100521t2004 dr a 001 p spa d |
| 020 ## - NÚMERO INTERNACIONAL ESTÁNDAR DEL LIBRO |
| Número Internacional Estándar del Libro |
9945404008 |
| 040 ## - FUENTE DE LA CATALOGACIÓN |
| Centro catalogador/agencia de origen |
DO-SdBNP |
| Lengua de catalogación |
spa |
| Centro/agencia transcriptor |
BNPHU |
| 082 ## - NÚMERO DE LA CLASIFICACIÓN DECIMAL DEWEY |
| Número de clasificación |
RD861.44 |
| Número de documento/Ítem |
A162a |
| 100 1# - ENTRADA PRINCIPAL--NOMBRE DE PERSONA |
| Nombre de persona |
Abréu Mejía, Rafael, |
| Fechas asociadas al nombre |
1939-2004 |
| 9 (RLIN) |
40790 |
| 245 10 - MENCIÓN DE TÍTULO |
| Título |
Ámbito del ser profundo : |
| Resto del título |
antología poética 1968-2002 / |
| Mención de responsabilidad, etc. |
Rafael Abréu Mejía ; selección y edición Miguel Collado ; presentación Tony Raful. |
| 246 13 - FORMA VARIANTE DE TÍTULO |
| Título propio/Titulo breve |
antología poética 1968-2002 / |
| 260 ## - PUBLICACIÓN, DISTRIBUCIÓN, ETC. |
| Lugar de publicación, distribución, etc. |
Santo Domingo : |
| Nombre del editor, distribuidor, etc. |
Secretaría de Estado de Cultura, |
| Fecha de publicación, distribución, etc. |
2004. |
| 300 ## - DESCRIPCIÓN FÍSICA |
| Extensión |
146 p. : |
| Otras características físicas |
il. ; |
| Dimensiones |
22 cm. |
| 500 ## - NOTA GENERAL |
| Nota general |
Incluye datos biográficos del autor en las solapas |
| 504 ## - NOTA DE BIBLIOGRAFÍA, ETC. |
| Nota de bibliografía, etc. |
Incluye referencias bibliográficas y notas al pie de páginas. |
| 505 0# - NOTA DE CONTENIDO CON FORMATO |
| Título |
Rafael Abréu Mejía, un auténtico amigo / |
| Mención de responsabilidad |
Tony Raful -- |
| Título |
Rafael Abréu Mejía, permanente cultor y amante de la poesía / |
| Mención de responsabilidad |
Mateo Morrison -- |
| Título |
Ha partido el poeta Abreu Mejía / |
| Mención de responsabilidad |
Miguel Collado -- |
| Información miscelánea |
Textos seleccionados : |
| Título |
Poesía -- |
| -- |
La luz abre un paréntesis -- |
| -- |
Con las manos de mi alma -- |
| -- |
Ámbito del ser profundo -- |
| -- |
Hai Q Ram -- |
| -- |
El antilibro de las chchufletas -- |
| -- |
Peccata minuta -- |
| -- |
Después de la pólvora -- |
| -- |
Mi casa y otros lugares -- |
| -- |
Trasmutaciones -- |
| -- |
Evocación de la nostalgia -- |
| -- |
Pájaros de piedra -- |
| -- |
Textos dispersos. |
| 590 ## - NOTA LOCAL (RLIN) |
| Nota local |
Inventariado, 2018/VM |
| 650 #0 - PUNTO DE ACCESO ADICIONAL DE MATERIA--TÉRMINO DE MATERIA |
| Término de materia o nombre geográfico como elemento de entrada |
Poesía dominicana |
| 9 (RLIN) |
66 |
| 650 #0 - PUNTO DE ACCESO ADICIONAL DE MATERIA--TÉRMINO DE MATERIA |
| Término de materia o nombre geográfico como elemento de entrada |
Literatura dominicana. |
| 9 (RLIN) |
67 |
| 700 1# - PUNTO DE ACCESO ADICIONAL--NOMBRE DE PERSONA |
| Nombre de persona |
Collado, Miguel A., |
| Fechas asociadas al nombre |
1954- |
| Término indicativo de función/relación |
ed. |
| 9 (RLIN) |
24696 |
| 700 1# - PUNTO DE ACCESO ADICIONAL--NOMBRE DE PERSONA |
| Nombre de persona |
Raful, Tony, |
| Fechas asociadas al nombre |
1951- |
| 9 (RLIN) |
1377 |
| 910 ## - DATOS DE OPCIÓN DEL USUARIO (OCLC) |
| Datos de opción del usuario |
Validado. Control de calidad EMS. |